| 000 | 00348nam a2200121Ia 4500 | ||
|---|---|---|---|
| 008 | 230907s9999||||xx |||||||||||||| ||und|| | ||
| 082 |
_a621.3028553 _bPER |
||
| 100 |
_aPerelʹmuter, V. M. _9114673 |
||
| 245 | 0 | _aElectrotechnical systems : | |
| 260 |
_aCRC Press, Taylor & Francis Group, _bBoca Raton : _c2013 |
||
| 300 | _axv, 434 p.: | ||
| 942 | _cBK | ||
| 999 |
_c599606 _d599606 |
||